[Event "75. LJUBLJANSKA LIGA 2023"]
[Site " gostovanja"]
[Date "2023.03.09"]
[Round "7.4"]
[White "Vodnik, Val"]
[Black "Cop, Jaka"]
[Result "0-1"]
[WhiteElo "1348"]
[BlackElo "1919"]
[PlyCount "76"]
[EventDate "2023.03.09"]
[WhiteTeam "SD VRHNIKA"]
[BlackTeam "SK IG"]

1. d4 d5 2. c4 e6 3. Nf3 Be7 4. g3 Nf6 5. Bg2 Ne4 6. O-O c6 7. b3 O-O 8. Ba3
Bxa3 9. Nxa3 Nd7 10. Nd2 Nd6 11. e4 dxe4 12. Nxe4 Nxe4 13. Bxe4 Qa5 14. Nc2 e5
15. dxe5 Nxe5 16. Re1 Bg4 17. Qd4 Bf5 18. f4 Bxe4 19. Qxe4 Qb6+ 20. Kg2 Ng4 21.
Qf3 Nf6 22. Rad1 Rad8 23. Ne3 Qa5 24. Qf2 Rfe8 25. Rxd8 Rxd8 26. Rd1 Re8 27.
Nf1 Ne4 28. Qe2 Kf8 29. Qc2 Re7 30. Kf3 Ke8 31. g4 h5 32. g5 Qf5 33. Qg2 Nc3
34. Rd2 Qe4+ 35. Kg3 Ne2+ 36. Kf2 Qxf4+ 37. Ke1 Ng3+ 38. Re2 Rxe2+ 0-1

[Event "75. LJUBLJANSKA LIGA 2023"]
[Site " gostovanja"]
[Date "2023.03.09"]
[Round "7.1"]
[White "Keber, Aljosa"]
[Black "Markosek, Bine"]
[Result "0-1"]
[WhiteElo "1876"]
[BlackElo "1865"]
[PlyCount "62"]
[EventDate "2023.03.09"]
[WhiteTeam "SK KOMENDA POGI"]
[BlackTeam "SD DOMZALE"]

1. d4 d5 2. c4 e6 3. Nf3 Nf6 4. Nc3 Be7 5. Bf4 O-O 6. e3 b6 7. Be2 Bb7 8. cxd5
Nxd5 9. Nxd5 Bxd5 10. O-O Nd7 11. Qc2 Bd6 12. Bg5 f6 13. Bh4 c5 14. e4 Bb7 15.
e5 Be7 16. exf6 Bxf6 17. Bxf6 Qxf6 18. dxc5 Rac8 19. b4 bxc5 20. Qa4 Bxf3 21.
Bxf3 Ne5 22. Be2 cxb4 23. Qxb4 Rc2 24. Rae1 Rxa2 25. f4 Rb2 26. Qc5 Ng6 27.
Qxa7 Nxf4 28. Bf3 Qg6 29. g3 Qc2 30. Be2 Nxe2+ 31. Rxe2 Rxf1+ 0-1

[Event "75. LJUBLJANSKA LIGA 2023"]
[Site " gostovanja"]
[Date "2023.03.09"]
[Round "7.2"]
[White "Faganel, Kaja"]
[Black "Cimperman, Teo"]
[Result "1-0"]
[WhiteElo "1448"]
[BlackElo "1532"]
[PlyCount "103"]
[EventDate "2023.03.09"]
[WhiteTeam "SD DOMZALE"]
[BlackTeam "SK KOMENDA POGI"]

1. Nf3 c5 2. c4 Nc6 3. Nc3 g6 4. g3 Bg7 5. Bg2 e6 6. d3 d5 7. cxd5 exd5 8. Bg5
f6 9. Bf4 g5 10. Bd2 Nge7 11. O-O O-O 12. e4 d4 13. Qb3+ Kh8 14. Ne2 Ng6 15.
Qc2 Qd6 16. Rfc1 b6 17. b4 Ba6 18. bxc5 bxc5 19. Qxc5 Qxc5 20. Rxc5 Bxd3 21.
Nfxd4 Nce5 22. Nc3 Rac8 23. Na4 Rxc5 24. Nxc5 Rc8 25. Rc1 Nc4 26. Nxd3 Bf8 27.
Bh3 Rc7 28. Ba5 Ba3 29. Bxc7 Bxc1 30. Nxc1 Nd2 31. Bf5 Ne7 32. Bd8 Nxf5 33.
exf5 Kg7 34. Ne6+ Kf7 35. Nb3 Nf3+ 36. Kh1 Ne5 37. Nbc5 Ng4 38. Kg2 Nh6 39. Nd4
Ng4 40. Nd7 h5 41. h3 Ke8 42. Nxf6+ Kxd8 43. hxg4 hxg4 44. Nxg4 Ke8 45. f6 Kf7
46. Nc6 a6 47. Nce5+ Kf8 48. f7 a5 49. Nf6 Kg7 50. Nh7 g4 51. f8=Q+ Kxh7 52.
Qf7+ 1-0

[Event "75. LJUBLJANSKA LIGA 2023"]
[Site " gostovanja"]
[Date "2023.03.09"]
[Round "7.3"]
[White "Babarovic, Fran"]
[Black "Timagina, Sofia"]
[Result "1-0"]
[WhiteElo "1275"]
[BlackElo "1426"]
[PlyCount "79"]
[EventDate "2023.03.09"]
[WhiteTeam "SK KOMENDA POGI"]
[BlackTeam "SD DOMZALE"]

1. e4 e5 2. Nf3 Nc6 3. Bc4 Bc5 4. d3 Nf6 5. c3 O-O 6. O-O d5 7. exd5 Nxd5 8.
Bg5 f6 9. b4 Bb6 10. Bh4 Kh8 11. Bxd5 Qxd5 12. c4 Qf7 13. c5 Nxb4 14. cxb6 axb6
15. a3 Qg6 16. Qc1 c5 17. Qb2 Nxd3 18. Qxb6 Bf5 19. Bg3 Be4 20. Nbd2 Bc6 21.
Ne1 Nxe1 22. Rfxe1 h5 23. h4 f5 24. Qxc5 f4 25. Rxe5 fxg3 26. Rxh5+ Kg8 27. f3
Rad8 28. Nf1 Qf6 29. Re1 Qb2 30. Re7 Rd1 31. Qc4+ Bd5 32. Rxg7+ Qxg7 33. Rxd5
b5 34. Rxb5+ Rf7 35. Rb8+ Kh7 36. Qc2+ Qg6 37. Qxd1 Qf5 38. Qb1 Qxb1 39. Rxb1
Ra7 40. Rb3 1-0

[Event "75. LJUBLJANSKA LIGA 2023"]
[Site " gostovanja"]
[Date "2023.03.09"]
[Round "7.4"]
[White "Faric, Jasa"]
[Black "Perme, Lojze"]
[Result "1-0"]
[WhiteElo "1169"]
[BlackElo "1094"]
[PlyCount "69"]
[EventDate "2023.03.09"]
[WhiteTeam "SD DOMZALE"]
[BlackTeam "SK KOMENDA POGI"]

1. e4 e5 2. Nf3 Nc6 3. d4 f6 4. d5 Na5 5. a3 Bc5 6. b4 Bxb4+ 7. axb4 Nc6 8.
dxc6 bxc6 9. Be3 Ne7 10. Rxa7 Rxa7 11. Bxa7 d5 12. Bc5 dxe4 13. Qxd8+ Kxd8 14.
Bxe7+ Kxe7 15. Nfd2 Bf5 16. Nc3 e3 17. fxe3 Bxc2 18. Bc4 Ra8 19. O-O Ra3 20.
Ncb1 Rxe3 21. Rf3 Re1+ 22. Rf1 Re3 23. Kf2 Rd3 24. Bxd3 Bxd3 25. Rc1 Bb5 26.
Na3 Ba4 27. Nac4 Kd7 28. Nb2 Bb3 29. Rc3 Bd5 30. Rh3 h6 31. Rg3 g5 32. Rh3 f5
33. Rxh6 g4 34. Rh7+ Kc8 35. Rh5 1-0

[Event "75. LJUBLJANSKA LIGA 2023"]
[Site " gostovanja"]
[Date "2023.03.09"]
[Round "7.1"]
[White "Olenik Campa, Rudi"]
[Black "Krupenko, Peter"]
[Result "1/2-1/2"]
[WhiteElo "2358"]
[BlackElo "1976"]
[PlyCount "147"]
[EventDate "2023.03.09"]
[WhiteTeam "SK LJUBLJANA"]
[BlackTeam "SK TRZIN PEKOS PUB"]

1. e4 e5 2. Nf3 Nf6 3. Nxe5 d6 4. Nf3 Nxe4 5. d4 d5 6. Bd3 Be7 7. O-O O-O 8. c4
Nc6 9. Nc3 Nxc3 10. bxc3 dxc4 11. Bxc4 Bf5 12. Re1 Na5 13. Bf1 Bf6 14. Qa4 b6
15. Ne5 Re8 16. Bf4 c5 17. Bb5 Re7 18. Rad1 Qf8 19. dxc5 Rd8 20. cxb6 axb6 21.
Rxd8 Qxd8 22. Rd1 Qc8 23. Qd4 h6 24. Qxb6 Qxc3 25. Bd3 Bxd3 26. Qd8+ Kh7 27.
Qxd3+ Qxd3 28. Nxd3 Nc4 29. Nb4 Re2 30. Kf1 Rb2 31. Nd5 Rxa2 32. Nxf6+ gxf6 33.
Rd5 Kg6 34. g4 Nb6 35. Rh5 Ra4 36. Rxh6+ Kg7 37. Be3 Rxg4 38. Rh3 Nd5 39. Bd2
Ne7 40. Rg3 Rg6 41. Rf3 Rg4 42. h3 Re4 43. Re3 Rxe3 44. Bxe3 Kg6 45. Kg2 Nf5
46. Bb6 Ng7 47. Kg3 Nh5+ 48. Kg4 f5+ 49. Kf3 Kf6 50. Bd4+ Ke6 51. Bc3 Kd5 52.
Ke3 Ke6 53. Ba5 Ke5 54. Bc7+ Kd5 55. Bb8 Kc4 56. Be5 Kd5 57. f4 Ke6 58. Kd4 f6
59. Bc7 Ng3 60. Kc5 Ne4+ 61. Kc6 Kf7 62. Ba5 Ng3 63. Bd2 Ke6 64. Bc3 Nh5 65.
Bd2 Ng3 66. Be3 Nh5 67. Bc1 Ng3 68. h4 Nh5 69. Kc7 Kf7 70. Kd7 Ng3 71. Bd2 Nh5
72. Be3 Ng3 73. Bg1 Nh5 74. Bh2 1/2-1/2

[Event "75. LJUBLJANSKA LIGA 2023"]
[Site " gostovanja"]
[Date "2023.03.09"]
[Round "7.2"]
[White "Krumpak, Hinko"]
[Black "Sfiligoj, Anze"]
[Result "1-0"]
[WhiteElo "2043"]
[BlackElo "1688"]
[PlyCount "45"]
[EventDate "2023.03.09"]
[WhiteTeam "SK TRZIN PEKOS PUB"]
[BlackTeam "SK LJUBLJANA"]

1. g3 d5 2. Bg2 Nf6 3. c4 e6 4. b3 Be7 5. Bb2 O-O 6. Nf3 c5 7. cxd5 exd5 8. d4
cxd4 9. O-O Nc6 10. Nxd4 a6 11. Nc3 Be6 12. Nxe6 fxe6 13. Bh3 d4 14. Bxe6+ Kh8
15. Nb1 Ne4 16. Nd2 Ng5 17. Bg4 Ne5 18. h4 Nxg4 19. hxg5 Qd5 20. Nf3 Bxg5 21.
Qxd4 Qxd4 22. Bxd4 Rad8 23. Nxg5 1-0

[Event "75. LJUBLJANSKA LIGA 2023"]
[Site " gostovanja"]
[Date "2023.03.09"]
[Round "7.3"]
[White "Komelj, Erazem"]
[Black "Rojs, Igor"]
[Result "1-0"]
[WhiteElo "1589"]
[BlackElo "1935"]
[PlyCount "95"]
[EventDate "2023.03.09"]
[WhiteTeam "SK LJUBLJANA"]
[BlackTeam "SK TRZIN PEKOS PUB"]

1. d4 e6 2. Bf4 d5 3. e3 Nf6 4. Nf3 Bd6 5. Bg3 Ne4 6. Bxd6 Qxd6 7. c3 Nd7 8.
Nbd2 b6 9. Bd3 Bb7 10. O-O f5 11. Qe2 O-O 12. Ne1 f4 13. exf4 Nxd2 14. Qxd2
Rxf4 15. g3 Rf6 16. f4 Raf8 17. Nf3 c5 18. Rae1 Rh6 19. Ng5 Rff6 20. Qc2 Nf8
21. Re3 c4 22. Be2 Bc6 23. Bg4 Be8 24. Qe2 Bd7 25. Re1 b5 26. a3 a5 27. Kg2 b4
28. axb4 axb4 29. Ra1 b3 30. Nf3 Bc8 31. Ne5 Nd7 32. Qe1 Rf8 33. Ra7 Rhf6 34.
Nxd7 Bxd7 35. Rxd7 Qxd7 36. Bxe6+ Rxe6 37. Rxe6 Kf7 38. Re5 Ra8 39. Qe2 g6 40.
f5 Ra2 41. fxg6+ hxg6 42. h4 Kf6 43. h5 gxh5 44. Rxh5 Kg6 45. Re5 Ra6 46. Qh5+
Kg7 47. Rg5+ Kf8 48. Qh8+ 1-0

[Event "75. LJUBLJANSKA LIGA 2023"]
[Site " gostovanja"]
[Date "2023.03.09"]
[Round "7.4"]
[White "Borisek, Anze"]
[Black "Setina, Miha"]
[Result "1-0"]
[WhiteElo "1874"]
[BlackElo "1000"]
[PlyCount "55"]
[EventDate "2023.03.09"]
[WhiteTeam "SK TRZIN PEKOS PUB"]
[BlackTeam "SK LJUBLJANA"]

1. f4 d6 2. Nf3 Bg4 3. e4 e5 4. Bc4 Bxf3 5. Qxf3 Nd7 6. O-O Qf6 7. Nc3 c6 8. d3
h6 9. a4 Be7 10. Qg3 g6 11. fxe5 Qxe5 12. Bxf7+ Kd8 13. Bf4 Bh4 14. Bxe5 Bxg3
15. Bxh8 Be5 16. Bxe5 Nxe5 17. Bxg8 Kc7 18. Bb3 h5 19. a5 g5 20. d4 Nd7 21. Rf7
Re8 22. Raf1 Kd8 23. Rh7 Nf8 24. Rxb7 Kc8 25. Rff7 Ne6 26. Bxe6+ Rxe6 27. a6 d5
28. Rf8+ 1-0

[Event "75. LJUBLJANSKA LIGA 2023"]
[Site " gostovanja"]
[Date "2023.03.09"]
[Round "7.1"]
[White "Gantar, Jan"]
[Black "Bandelj, Mirko"]
[Result "1-0"]
[WhiteElo "2203"]
[BlackElo "1952"]
[PlyCount "73"]
[EventDate "2023.03.09"]
[WhiteTeam "SK KOMENDA POPOTNIK"]
[BlackTeam "SK DOL PRI LJUBLJANI"]

1. e4 c5 2. Nc3 d6 3. Nge2 Nf6 4. d4 cxd4 5. Nxd4 a6 6. g3 e6 7. Bg2 Be7 8. O-O
Qc7 9. Re1 O-O 10. a4 Nbd7 11. a5 Rb8 12. h3 b6 13. axb6 Nxb6 14. e5 Nfd5 15.
Nxd5 Nxd5 16. Bxd5 exd5 17. e6 Qb7 18. Bf4 fxe6 19. Nxe6 Rf6 20. Nd8 Bxd8 21.
Re8+ Rf8 22. Rxf8+ Kxf8 23. Bxd6+ Be7 24. Qf3+ Kg8 25. Re1 Bg4 26. Qxg4 Bxd6
27. Qe6+ Qf7 28. Qxd6 Rf8 29. Qc5 Qf3 30. Qe3 Qh5 31. h4 h6 32. Qe6+ Kh8 33.
Qxa6 Rf3 34. Qc8+ Kh7 35. Re8 Rxg3+ 36. fxg3 Qd1+ 37. Kh2 1-0

[Event "75. LJUBLJANSKA LIGA 2023"]
[Site " gostovanja"]
[Date "2023.03.09"]
[Round "7.2"]
[White "Magerl, Zan"]
[Black "Lucovnik, Tilen"]
[Result "0-1"]
[WhiteElo "1347"]
[BlackElo "2161"]
[PlyCount "106"]
[EventDate "2023.03.09"]
[WhiteTeam "SK DOL PRI LJUBLJANI"]
[BlackTeam "SK KOMENDA POPOTNIK"]

1. e4 d6 2. d4 Nf6 3. Nc3 e5 4. dxe5 dxe5 5. Qxd8+ Kxd8 6. Bg5 Be6 7. O-O-O+
Kc8 8. h3 c6 9. Nf3 Nbd7 10. Bd3 Kc7 11. a3 Bd6 12. Rhf1 h6 13. Be3 Nh5 14. Be2
Nf4 15. Bxf4 exf4 16. Nd4 Be5 17. Nxe6+ fxe6 18. Nb1 b5 19. Nd2 Bd4 20. Nf3 Bb6
21. e5 Rhd8 22. h4 Nf8 23. Rxd8 Rxd8 24. g3 fxg3 25. fxg3 Be3+ 26. Kb1 Nd7 27.
b4 Rf8 28. Bd3 Nb6 29. Ka2 a6 30. g4 Rf4 31. g5 Nd5 32. gxh6 gxh6 33. h5 Kb6
34. Bg6 Bd4 35. Nh2 Rxf1 36. Nxf1 Bxe5 37. Nd2 Bd4 38. Nf3 c5 39. bxc5+ Kxc5
40. Nd2 Be3 41. Ne4+ Kc4 42. Bf7 Nc7 43. Nd6+ Kc3 44. Kb1 Bc5 45. Ne4+ Kd4 46.
Nxc5 Kxc5 47. Kb2 Kd4 48. Kb3 e5 49. c4 e4 50. cxb5 axb5 51. Kc2 Nd5 52. Be8
Nc3 53. Kd2 Nb1+ 0-1

[Event "75. LJUBLJANSKA LIGA 2023"]
[Site " gostovanja"]
[Date "2023.03.09"]
[Round "7.3"]
[White "Juhant, Igor"]
[Black "Zdolc, Damjan"]
[Result "1-0"]
[WhiteElo "1946"]
[BlackElo "1686"]
[PlyCount "87"]
[EventDate "2023.03.09"]
[WhiteTeam "SK KOMENDA POPOTNIK"]
[BlackTeam "SK DOL PRI LJUBLJANI"]

1. e4 d6 2. Nc3 Nf6 3. f4 Bg4 4. Be2 Bxe2 5. Qxe2 Qd7 6. Nf3 Nc6 7. d4 e6 8.
O-O O-O-O 9. a3 Re8 10. Be3 a6 11. b4 e5 12. d5 Nd4 13. Nxd4 exd4 14. Bxd4 Qg4
15. Rae1 Qxe2 16. Rxe2 Nd7 17. e5 dxe5 18. fxe5 Re7 19. e6 fxe6 20. dxe6 Nb8
21. Nd5 Re8 22. e7 Bxe7 23. Rxe7 Rxe7 24. Nxe7+ Kd7 25. Nf5 Re8 26. Nxg7 Re2
27. Rf7+ Kc6 28. c3 Ra2 29. Ne8 Rxa3 30. Rxc7+ Kd5 31. Rxb7 Nc6 32. Nf6+ Ke6
33. Rb6 Kd6 34. Nxh7 Kc7 35. Rxc6+ Kxc6 36. h4 Kd7 37. h5 Ke8 38. h6 Ra1+ 39.
Kh2 Rf1 40. Ng5 Rf4 41. h7 Rh4+ 42. Kg1 Ke7 43. h8=Q Rxh8 44. Bxh8 1-0

[Event "75. LJUBLJANSKA LIGA 2023"]
[Site " gostovanja"]
[Date "2023.03.09"]
[Round "7.4"]
[White "Mavrel, Franc"]
[Black "Zagar, Katarina"]
[Result "1/2-1/2"]
[WhiteElo "1664"]
[BlackElo "1153"]
[PlyCount "82"]
[EventDate "2023.03.09"]
[WhiteTeam "SK DOL PRI LJUBLJANI"]
[BlackTeam "SK KOMENDA POPOTNIK"]

1. e4 e5 2. Bc4 Nf6 3. d3 Nc6 4. a3 a5 5. Bg5 h6 6. Bh4 Be7 7. Nf3 O-O 8. Bb5
Na7 9. Nc3 d6 10. h3 Nxb5 11. Nxb5 Be6 12. Nd2 d5 13. Nc3 dxe4 14. Ncxe4 Nxe4
15. Bxe7 Qxe7 16. Nxe4 f5 17. Nd2 Rad8 18. O-O Rfe8 19. Qe2 Bf7 20. Rad1 Bd5
21. f4 Qc5+ 22. Qf2 Qxf2+ 23. Rxf2 e4 24. dxe4 Bxe4 25. c3 b6 26. Re1 Bc6 27.
Rxe8+ Rxe8 28. Nc4 Re1+ 29. Kh2 Bb5 30. Ne5 Re2 31. Rxe2 Bxe2 32. g3 Kf8 33.
Kg2 Ke7 34. Kf2 Ba6 35. Ke3 Kd6 36. Nf7+ Kc5 37. b4+ Kc4 38. Kd2 Kb3 39. bxa5
bxa5 40. Ne5 Kxa3 41. Kc2 a4 1/2-1/2

[Event "75. LJUBLJANSKA LIGA 2023"]
[Site " gostovanja"]
[Date "2023.03.09"]
[Round "7.3"]
[White "Vidonja, Taja"]
[Black "Majcen, Zoran"]
[Result "0-1"]
[WhiteElo "1703"]
[BlackElo "1802"]
[PlyCount "96"]
[EventDate "2023.03.09"]
[WhiteTeam "SK ZAGORJE"]
[BlackTeam "SD CRNI GRABEN"]

1. e4 e6 2. d4 d5 3. e5 c5 4. c3 Qb6 5. Nf3 Nc6 6. Bd3 Bd7 7. Bc2 Nge7 8. dxc5
Qxc5 9. Be3 Qa5 10. O-O Qc7 11. Bd4 Rc8 12. Bd3 Nxd4 13. cxd4 Qb6 14. Qd2 Bb5
15. Bxb5+ Qxb5 16. Nc3 Qa5 17. a3 Nf5 18. Rac1 Be7 19. Ne2 Qxd2 20. Nxd2 Kd7
21. Rc3 Rxc3 22. bxc3 Rc8 23. a4 Rc6 24. Rb1 Kc7 25. Rc1 f6 26. f4 Ne3 27. h3
Ba3 28. Rb1 Ra6 29. g4 Rxa4 30. Kf2 Nc4 31. Nxc4 Rxc4 32. h4 Be7 33. h5 b6 34.
Rg1 fxe5 35. fxe5 Bg5 36. Rd1 a5 37. Ke1 b5 38. Rb1 Kb6 39. Kd1 Ra4 40. Rb2
Ra1+ 41. Kc2 Rf1 42. Kb3 Be7 43. Kc2 Bg5 44. Kb3 Rf2 45. Ng3 Rf4 46. Rb1 Rxg4
47. Ne2 Rg2 48. Re1 Bd2 0-1

[Event "75. LJUBLJANSKA LIGA 2023"]
[Site " gostovanja"]
[Date "2023.03.09"]
[Round "7.4"]
[White "Erazem, Franc"]
[Black "Brvar, Anze"]
[Result "0-1"]
[WhiteElo "1480"]
[BlackElo "1781"]
[PlyCount "56"]
[EventDate "2023.03.09"]
[WhiteTeam "SD CRNI GRABEN"]
[BlackTeam "SK ZAGORJE"]

1. e4 d6 2. d4 Nf6 3. Nc3 g6 4. h3 Bg7 5. Nge2 c6 6. Ng3 Qc7 7. Be2 Nbd7 8. O-O
O-O 9. Be3 e5 10. dxe5 Nxe5 11. f4 Ned7 12. Qc1 Re8 13. Bf3 b5 14. Nce2 Nb6 15.
Rb1 d5 16. e5 Nfd7 17. b3 f6 18. exf6 Nxf6 19. Qd2 Bb7 20. c3 Rad8 21. Bf2 Ne4
22. Bxe4 dxe4 23. Qc2 e3 24. Be1 c5 25. Kh1 Qd7 26. f5 Rf8 27. fxg6 Rxf1+ 28.
Nxf1 Qxh3+ 0-1

[Event "75. LJUBLJANSKA LIGA 2023"]
[Site " gostovanja"]
[Date "2023.03.09"]
[Round "7.1"]
[White "Jukan, Nesib"]
[Black "Kirasic, Branko"]
[Result "1/2-1/2"]
[WhiteElo "1946"]
[BlackElo "1852"]
[PlyCount "36"]
[EventDate "2023.03.09"]
[WhiteTeam "SK TRZIN PEKOS PUB"]
[BlackTeam "SK VISNJA GORA - STICNA"]

1. d4 Nf6 2. Bg5 e6 3. Nf3 d5 4. e3 Be7 5. Nbd2 c5 6. c3 Nbd7 7. Bd3 Qc7 8. Bf4
Bd6 9. Bxd6 Qxd6 10. O-O O-O 11. Rc1 e5 12. dxe5 Nxe5 13. Nxe5 Qxe5 14. Nf3 Qh5
15. Be2 Qg6 16. Bd3 Qh5 17. Be2 Qg6 18. Bd3 Qh5 1/2-1/2

[Event "75. LJUBLJANSKA LIGA 2023"]
[Site " gostovanja"]
[Date "2023.03.09"]
[Round "7.1"]
[White "Jancigaj, Saso Valentin"]
[Black "Lanjscek, Miha"]
[Result "1/2-1/2"]
[WhiteElo "1683"]
[BlackElo "1812"]
[PlyCount "35"]
[EventDate "2023.03.09"]
[WhiteTeam "SK VISNJA GORA - STICNA"]
[BlackTeam "SK TRZIN PEKOS PUB"]

1. f4 Nf6 2. Nf3 d5 3. d4 e6 4. e3 c5 5. c3 Nc6 6. Bd3 Bd6 7. Ne5 Qc7 8. Nd2 b6
9. O-O Bb7 10. Qe2 O-O-O 11. a3 h6 12. b4 c4 13. Bc2 Bxe5 14. fxe5 Ng8 15. Qe1
Nge7 16. Qe2 Ng8 17. Qe1 Nge7 18. Qe2 1/2-1/2

[Event "75. LJUBLJANSKA LIGA 2023"]
[Site " gostovanja"]
[Date "2023.03.09"]
[Round "7.3"]
[White "Konvalinka, Kostja"]
[Black "Lesjak, Damjan"]
[Result "1-0"]
[WhiteElo "1686"]
[BlackElo "1815"]
[PlyCount "49"]
[EventDate "2023.03.09"]
[WhiteTeam "SK TRZIN PEKOS PUB"]
[BlackTeam "SK VISNJA GORA - STICNA"]

1. e4 e5 2. Nf3 Nc6 3. Bc4 d6 4. Nc3 Bg4 5. d3 Nd4 6. Nxe5 dxe5 7. Qxg4 Nf6 8.
Qd1 h6 9. Be3 c6 10. O-O Bc5 11. Na4 Be7 12. Nc3 O-O 13. Ne2 Ne6 14. Ng3 b5 15.
Bb3 a5 16. c3 Bc5 17. Bxe6 Bxe3 18. Bxf7+ Rxf7 19. fxe3 Qb6 20. d4 Rd8 21. Qc2
Rdd7 22. Nf5 Rd6 23. Qb3 c5 24. dxc5 Qc6 25. Ne7+ 1-0

[Event "75. LJUBLJANSKA LIGA 2023"]
[Site " gostovanja"]
[Date "2023.03.09"]
[Round "7.4"]
[White "Kamensek, Ivan"]
[Black "Leben, Dusan"]
[Result "0-1"]
[WhiteElo "1676"]
[BlackElo "1797"]
[PlyCount "78"]
[EventDate "2023.03.09"]
[WhiteTeam "SK VISNJA GORA - STICNA"]
[BlackTeam "SK TRZIN PEKOS PUB"]

1. d4 Nf6 2. c4 e6 3. Nc3 d5 4. Bg5 Be7 5. e3 O-O 6. Nf3 c6 7. Bd3 a6 8. O-O b5
9. cxd5 cxd5 10. a3 Nbd7 11. b4 Bb7 12. Rc1 Nb6 13. Ne5 Nc4 14. Nxc4 dxc4 15.
Bc2 Nd5 16. Bxe7 Qxe7 17. Ne4 a5 18. Qh5 f5 19. Ng5 Nf6 20. Qe2 axb4 21. axb4
Nd5 22. Nf3 Nxb4 23. Bb1 Bxf3 24. Qxf3 Rab8 25. g4 Qg5 26. h3 h5 27. Qg3 hxg4
28. e4 fxe4 29. Bxe4 Qf4 30. Qxg4 Qxg4+ 31. hxg4 Nd5 32. f3 Kf7 33. Kf2 Rh8 34.
Rh1 Rxh1 35. Rxh1 Ra8 36. Bxd5 exd5 37. Rb1 Rb8 38. Ke3 b4 39. f4 b3 0-1

[Event "75. LJUBLJANSKA LIGA 2023"]
[Site " gostovanja"]
[Date "2023.03.09"]
[Round "7.1"]
[White "Butala, Marjan"]
[Black "Susnik, Matej"]
[Result "1/2-1/2"]
[WhiteElo "1885"]
[BlackElo "2048"]
[PlyCount "90"]
[EventDate "2023.03.09"]
[WhiteTeam "KPSRD KAREL JERAJ"]
[BlackTeam "SS TOMO ZUPAN KRANJ"]

1. c4 e6 2. Nc3 c5 3. e4 Nc6 4. g3 g6 5. Bg2 Bg7 6. Nge2 Nge7 7. d3 O-O 8. O-O
d6 9. Be3 Nd4 10. Qd2 a6 11. Bh6 Rb8 12. Bxg7 Kxg7 13. Rab1 Nec6 14. a4 b5 15.
b4 bxc4 16. dxc4 Nxe2+ 17. Nxe2 e5 18. bxc5 Rxb1 19. Rxb1 dxc5 20. Qe3 Nd4 21.
Nc3 Be6 22. Nd5 Bxd5 23. exd5 Qc7 24. h4 Rb8 25. Rxb8 Qxb8 26. h5 f6 27. f4 Qd6
28. fxe5 Qxe5 29. Qxe5 fxe5 30. hxg6 hxg6 31. g4 Kf6 32. Kf2 g5 33. Be4 Nb3 34.
Ke3 Na5 35. Kd3 Nb7 36. Ke3 {(=)} Nd6 37. Kd3 Ke7 38. Bf3 Kd7 39. Be4 Kc7 40.
Bf3 Kb6 41. Be2 Ka5 42. Bd1 Kb6 43. Bf3 Ka5 44. Bd1 Kb6 45. Bf3 Ka5 1/2-1/2

[Event "75. LJUBLJANSKA LIGA 2023"]
[Site " gostovanja"]
[Date "2023.03.09"]
[Round "7.2"]
[White "Logar, Metod"]
[Black "Mlacnik, Janez"]
[Result "1-0"]
[WhiteElo "1970"]
[BlackElo "1832"]
[PlyCount "71"]
[EventDate "2023.03.09"]
[WhiteTeam "SS TOMO ZUPAN KRANJ"]
[BlackTeam "KPSRD KAREL JERAJ"]

1. e4 e6 2. d4 d5 3. Nc3 Nf6 4. e5 Nfd7 5. f4 a6 6. Nf3 c5 7. Be3 cxd4 8. Nxd4
Nc6 9. Bd3 Nxd4 10. Bxd4 Bc5 11. Bxc5 Nxc5 12. Qd2 Bd7 13. O-O Bc6 14. Ne2 Qb6
15. Qe3 Rd8 16. Nd4 Nxd3 17. cxd3 O-O 18. b3 Rc8 19. Rae1 Bd7 20. Rc1 Qa5 21.
a4 Qb6 22. Qf2 Qb4 23. g4 Rc3 24. Rxc3 Qxc3 25. Qe3 Rc8 26. f5 Qc5 27. Kh1 b5
28. axb5 axb5 29. f6 g6 30. Ra1 b4 31. Kg2 Qf8 32. Ra7 Be8 33. Nxe6 fxe6 34.
Rg7+ Qxg7 35. fxg7 Kxg7 36. Qb6 1-0

[Event "75. LJUBLJANSKA LIGA 2023"]
[Site " gostovanja"]
[Date "2023.03.09"]
[Round "7.3"]
[White "Stimec, Marjan"]
[Black "Smirnov, Maksim"]
[Result "1-0"]
[WhiteElo "1774"]
[BlackElo "1405"]
[PlyCount "79"]
[EventDate "2023.03.09"]
[WhiteTeam "KPSRD KAREL JERAJ"]
[BlackTeam "SS TOMO ZUPAN KRANJ"]

1. e4 c6 2. d4 d5 3. Nc3 dxe4 4. Nxe4 Nf6 5. Ng3 Bg4 6. Be2 Bxe2 7. N1xe2 Nbd7
8. O-O e6 9. c4 Bd6 10. Qb3 Qb6 11. Qc2 c5 12. b4 Bxg3 13. bxc5 Bxh2+ 14. Kxh2
Qc6 15. f3 O-O 16. Be3 b6 17. cxb6 Nxb6 18. c5 Nbd5 19. Bf2 Rfe8 20. Nc3 Nxc3
21. Qxc3 Nd5 22. Qd2 e5 23. Rfe1 Nf4 24. Be3 Nd5 25. Bf2 Nf4 26. Kg1 Qg6 27.
Be3 Nd5 28. dxe5 Rxe5 29. Bd4 Rxe1+ 30. Rxe1 Rd8 31. Be5 h5 32. Bc7 Rd7 33.
Re8+ Kh7 34. Bd6 Nb6 35. Qb4 f5 36. Rf8 Qe6 37. Qh4 Qg6 38. Qf4 Nd5 39. Qxf5
Ne3 40. Rh8+ 1-0

[Event "75. LJUBLJANSKA LIGA 2023"]
[Site " gostovanja"]
[Date "2023.03.19"]
[Round "8.1"]
[White "Gantar, Jan"]
[Black "Jelen, Igor"]
[Result "1-0"]
[WhiteElo "2203"]
[BlackElo "2313"]
[PlyCount "59"]
[EventDate "2023.03.16"]
[WhiteTeam "SK KOMENDA POPOTNIK"]
[BlackTeam "SK IG"]

1. e4 c5 2. Nc3 Nc6 3. Nge2 Nf6 4. d4 cxd4 5. Nxd4 e5 6. Ndb5 d6 7. Bg5 a6 8.
Na3 b5 9. Bxf6 gxf6 10. Nd5 f5 11. Bxb5 axb5 12. Nxb5 Ra4 13. Nbc7+ Kd7 14. O-O
Rxe4 15. Qh5 Nd4 16. c3 Ne2+ 17. Kh1 Kc6 18. Qxf7 Qd7 19. Qh5 Nf4 20. Qd1 Qg7
21. Nxf4 Rxf4 22. Nd5 Rh4 23. Nb4+ Kc7 24. Qa4 Bb7 25. f3 Qh6 26. Nd5+ Bxd5 27.
Qa5+ Kd7 28. Qxd5 Rxh2+ 29. Kg1 Qh3 30. gxh3 1-0

[Event "75. LJUBLJANSKA LIGA 2023"]
[Site " gostovanja"]
[Date "2023.03.19"]
[Round "8.2"]
[White "Janzelj, Lara"]
[Black "Zidar, Jernej"]
[Result "1-0"]
[WhiteElo "2173"]
[BlackElo "1815"]
[PlyCount "77"]
[EventDate "2023.03.16"]
[WhiteTeam "SK IG"]
[BlackTeam "SK KOMENDA POPOTNIK"]

1. d4 d5 2. c4 c6 3. cxd5 cxd5 4. Bg5 Bf5 5. Nc3 Nc6 6. e4 Bxe4 7. Rc1 h6 8.
Be3 Nf6 9. Nf3 Bxf3 10. Qxf3 e6 11. Bb5 Rc8 12. O-O Bd6 13. Qh3 O-O 14. Bd3 Nh7
15. g4 Ng5 16. Qg2 e5 17. Bf5 Ra8 18. dxe5 Bxe5 19. Nxd5 Bd4 20. Rfd1 Bxe3 21.
Nxe3 Qa5 22. h4 Ne6 23. Bb1 Ncd4 24. Qe4 g6 25. Rxd4 Nxd4 26. Qxd4 Rad8 27. Qf4
Qd2 28. Rf1 Kh7 29. Kg2 Qxb2 30. Nf5 gxf5 31. Qxf5+ Kg7 32. Qh7+ Kf6 33. Qxh6+
Ke7 34. Re1+ Kd7 35. Bf5+ Kc7 36. Qf4+ Kc6 37. Rc1+ Kd5 38. Rd1+ Kc6 39. Qc4+
1-0

[Event "75. LJUBLJANSKA LIGA 2023"]
[Site " gostovanja"]
[Date "2023.03.19"]
[Round "8.3"]
[White "Kobold, Andrej"]
[Black "Rozic, Adrijan"]
[Result "1/2-1/2"]
[WhiteElo "1958"]
[BlackElo "2067"]
[PlyCount "44"]
[EventDate "2023.03.16"]
[WhiteTeam "SK KOMENDA POPOTNIK"]
[BlackTeam "SK IG"]

1. d4 e6 2. Bf4 d5 3. e3 Nf6 4. Nf3 Bd6 5. Bd3 b6 6. O-O Ba6 7. c3 Bxd3 8. Qxd3
O-O 9. Nbd2 c5 10. Bxd6 Qxd6 11. e4 dxe4 12. Nxe4 Nxe4 13. Qxe4 Nd7 14. Rad1
Nf6 15. Qe2 Rfd8 16. Rd2 cxd4 17. Rxd4 Qe7 18. Rfd1 Rxd4 19. Rxd4 Rd8 20. Qd2
Rxd4 21. Qxd4 Nd7 22. Qxd7 Qxd7 1/2-1/2

[Event "75. LJUBLJANSKA LIGA 2023"]
[Site " gostovanja"]
[Date "2023.03.19"]
[Round "8.4"]
[White "Cop, Jaka"]
[Black "Perme, Martin"]
[Result "1/2-1/2"]
[WhiteElo "1919"]
[BlackElo "1781"]
[PlyCount "58"]
[EventDate "2023.03.16"]
[WhiteTeam "SK IG"]
[BlackTeam "SK KOMENDA POPOTNIK"]

1. e4 c5 2. b3 d6 3. Bb2 Nf6 4. Nc3 g6 5. Nd5 Bg7 6. Nxf6+ exf6 7. Bb5+ Nd7 8.
Nf3 O-O 9. O-O a6 10. Bc4 Nb6 11. Be2 Re8 12. d3 d5 13. exd5 Nxd5 14. Nd2 Bf5
15. Bf3 Rb8 16. Re1 Qd7 17. Nc4 b5 18. Bxd5 Qxd5 19. Ne3 Qd7 20. Nxf5 Qxf5 21.
Qf3 Qxf3 22. gxf3 Re6 23. Kf1 Rbe8 24. a4 b4 25. Rxe6 Rxe6 26. Re1 f5 27. Bxg7
Kxg7 28. Re3 Kf6 29. f4 a5 1/2-1/2